Theory of machines (Record no. 5797)

000 -LEADER
fixed length control field 00476nam a2200193 4500
001 - CONTROL NUMBER
control field 5797
003 - CONTROL NUMBER IDENTIFIER
control field BD-DhUET
008 - FIXED-LENGTH DATA ELEMENTS--GENERAL INFORMATION
fixed length control field 141129b xxu||||| |||| 00| 0 eng d
040 ## - CATALOGING SOURCE
Transcribing agency 0
Modifying agency BD-DhUET
082 ## - DEWEY DECIMAL CLASSIFICATION NUMBER
Classification number 621.811
Item number KHU/1984
100 ## - MAIN ENTRY--PERSONAL NAME
Personal name Khurmi, R. S.
245 ## - TITLE STATEMENT
Title Theory of machines
250 ## - EDITION STATEMENT
Edition statement 1st ed.
260 ## - PUBLICATION, DISTRIBUTION, ETC. (IMPRINT)
Place of publication, distribution, etc. New Delhi
Name of publisher, distributor, etc. Eurasia Publishing house
Date of publication, distribution, etc. 1984
300 ## - PHYSICAL DESCRIPTION
Extent viii,1107p.
Other physical details ill.
650 #0 - SUBJECT ADDED ENTRY--TOPICAL TERM
Topical term or geographic name as entry element Machinery, Kinematics
700 ## - ADDED ENTRY--PERSONAL NAME
Personal name Gupta, V. K.
942 ## - ADDED ENTRY ELEMENTS (KOHA)
Koha item type General Book
Holdings
Date acquired Source of classification or shelving scheme Koha date last seen Lost status Koha item type Koha normalized classification for sorting Location (home branch) Price effective from Koha date last borrowed Copy number Not for loan Piece designation (barcode) Koha full call number Withdrawn status Damaged status Koha issues (times borrowed) Shelving location Sublocation or collection (holding branch)
2014-11-29 2025-04-13 General Book621_110000000000000_KHU_1984Central Library, BUET2014-11-292024-09-171 58322621.11/KHU/1984  4Circulation sectionCentral Library, BUET
2014-11-29 2023-11-28 General Book621_110000000000000_KHU_1984Central Library, BUET2014-11-292023-07-152 58325621.11/KHU/1984  4Circulation sectionCentral Library, BUET
2014-12-06 2023-11-29 General Book621_811000000000000_KHU_1984Central Library, BUET2014-12-062023-09-163 58326621.811/KHU/1984  8Circulation sectionCentral Library, BUET
2015-06-20 2015-06-20 Reading Item621_811000000000000_KHU_1984Central Library, BUET2015-06-20 4 58321621.811/KHU/1984   Reading sectionCentral Library, BUET
2015-06-28 2015-06-28 Reading Item621_811000000000000_KHU_1984Central Library, BUET2015-06-28 5 58320621.811/KHU/1984   Reading sectionCentral Library, BUET
2015-06-28 2015-06-28 Reading Item621_811000000000000_KHU_1984Central Library, BUET2015-06-28 6 58318621.811/KHU/1984   Reading sectionCentral Library, BUET
2015-06-30 2015-06-30 Reading Item621_811000000000000_KHU_1984Central Library, BUET2015-06-30 7 58317621.811/KHU/1984   Reading sectionCentral Library, BUET